|
|
|
|
| LEADER |
00000naa0a2200000 4500 |
| 001 |
594988 |
| 005 |
20250220131503.0 |
| 035 |
|
|
|a (RuTPU)RU\TPU\tpu\12370
|
| 035 |
|
|
|a RU\TPU\tpu\12369
|
| 090 |
|
|
|a 594988
|
| 100 |
|
|
|a 20050615d1986 k y0rusy50 ca
|
| 101 |
0 |
|
|a rus
|
| 102 |
|
|
|a RU
|
| 200 |
1 |
|
|a Неравновесная проводимость твердого диэлектрика в сильном электрическом поле при импульсном облучении плотным электронным пучком
|f Д. И. Вайсбурд, Э. Г. Таванов, А. М. Котляревский
|
| 461 |
|
|
|t 4 Всесоюзный симпозиум по сильноточной электронике
|o тезисы докладов
|
| 463 |
|
|
|t Ч. 3
|v С. 132-133
|d 1986
|
| 610 |
1 |
|
|a симпозиумы
|
| 610 |
1 |
|
|a проводимость
|
| 610 |
1 |
|
|a диэлектрики
|
| 610 |
1 |
|
|a элетронные пучки
|
| 610 |
1 |
|
|a электрическое поле
|
| 610 |
1 |
|
|a облучение
|
| 610 |
1 |
|
|a труды учёных ТПУ
|
| 700 |
|
1 |
|a Вайсбурд
|b Д. И.
|
| 701 |
|
1 |
|a Таванов
|b Э. Г.
|
| 701 |
|
1 |
|a Котляревский
|b А. М.
|
| 801 |
|
1 |
|a RU
|b 63413507
|c 20050615
|g PSBO
|
| 801 |
|
2 |
|a RU
|b 63413507
|c 20100429
|g PSBO
|
| 942 |
|
|
|c BK
|